Incorporating foreign language content in humanities courses
Guardat en:
| Format: | Llibre |
|---|---|
| Idioma: | anglès |
| Publicat: |
Routledge
2020
|
| Etiquetes: |
Afegir etiqueta
Sense etiquetes, Sigues el primer a etiquetar aquest registre!
|
MARC
| LEADER | 00000nam a22000007a 4500 | ||
|---|---|---|---|
| 008 | 230130b |||||||| |||| 00| 0 eng d | ||
| 020 | |a 9780367343484 | ||
| 245 | |a Incorporating foreign language content in humanities courses |c edited by Priya Ananth and Leah Tolbert Lyons |g xii,169p; ill | ||
| 250 | |c Ananth, Priya | ||
| 250 | |c Lyons, Leah Tolbert | ||
| 260 | |b Routledge |c 2020 |h New York |i 698750 |i 698751 |l AZ182.In2 |m Humanities--Study and teaching (Higher) |m Language and education |m Languages, Modern--Study and teaching (Higher) | ||
| 500 | |a it includes references and index | ||
| 942 | |a lcc |c BK |e Johnson |f 30/01/23 | ||
| 952 | |0 0 |1 0 |2 lcc |4 0 |6 AZ0182 I N2 |7 0 |9 4193 |a ART |b HOL |c AF |d 2023-01-30 |l 0 |o AZ182.In2 |p 2023-0123 |r 2023-01-30 00:00:00 |t 698750 |w 2023-01-30 |y BK | ||
| 952 | |0 0 |1 0 |2 lcc |4 0 |6 AZ0182 I N2 |7 0 |9 4194 |a HOL |b HOL |c AF |d 2023-01-30 |l 0 |o AZ182.In2 |p 2023-0124 |r 2023-01-30 00:00:00 |t 698751 |w 2023-01-30 |y BK | ||
| 999 | |c 2101 |d 2101 | ||